Responding to the Coronavirus pandemic: A tale of two cities (Record no. 517701)

000 -LEADER
fixed length control field 01256nam a22001577a 4500
008 - FIXED-LENGTH DATA ELEMENTS--GENERAL INFORMATION
fixed length control field 210724b ||||| |||| 00| 0 eng d
100 ## - MAIN ENTRY--PERSONAL NAME
Personal name Weng, Shi-Hong et al
245 ## - TITLE STATEMENT
Title Responding to the Coronavirus pandemic: A tale of two cities
260 ## - PUBLICATION, DISTRIBUTION, ETC. (IMPRINT)
Place of publication, distribution, etc American Review of Public Administration
300 ## - PHYSICAL DESCRIPTION
Extent 50(6-7), Aug-Oct, 2020: p.497-504
520 ## - SUMMARY, ETC.
Summary, etc This study compares the experiences of Shanghai in China and Los Angeles in the United States to illustrate four tension points in pandemic responses: immediacy versus thoroughness, transparency versus secrecy and security, centralization versus decentralization, and state-driven solutions versus coproduction. Based on the case analysis, strategic management and planning practices in six stages of pandemic response are recommended. The study also suggests research questions for future comparative research to examine more carefully how pandemic responses should vary due to institutional differences and local contextualization and adaptation. - Reproduced
650 ## - SUBJECT ADDED ENTRY--TOPICAL TERM
Topical term or geographic name as entry element COVID-19, Pandemic response, Emergency management, Comparative public management, Public governance
9 (RLIN) 25675
773 ## - HOST ITEM ENTRY
Main entry heading American Review of Public Administration
906 ## - LOCAL DATA ELEMENT F, LDF (RLIN)
Subject DIP COVID-19 PANDEMIC
942 ## - ADDED ENTRY ELEMENTS (KOHA)
Item type Articles
Holdings
Withdrawn status Lost status Source of classification or shelving scheme Damaged status Not for loan Permanent location Current location Date acquired Serial Enumeration / chronology Barcode Date last seen Koha item type
          Indian Institute of Public Administration Indian Institute of Public Administration 2021-07-24 50(6-7), Aug-Oct, 2020: p.497-504 AR124961 2021-07-24 Articles
          Indian Institute of Public Administration Indian Institute of Public Administration 2021-07-24 50(6-7), Aug-Oct, 2020: p.497-504 AR124962 2021-07-24 Articles

Powered by Koha